Guión para charla, tema: el movimiento democráta cristiano y nuestra posición

Gardado en:
Detalles Bibliográficos
Autor Corporativo: Partido Comunista de El Salvador
Formato: Texto
Publicado: San Salvador :
Etiquetas: Engadir etiqueta
Sen Etiquetas, Sexa o primeiro en etiquetar este rexistro!

MARC

LEADER 00000 a a2200000 04500
001 16593
003
040
090 |a EXTRAVIADO  
110 |a Partido Comunista de El Salvador  
245 |a Guión para charla, tema: el movimiento democráta cristiano y nuestra posición  
260 |a San Salvador :  
300 |a 12 p.  
999 |c 1325  |d 1325